000 00694nam a22002295i 4500
001 175972
003 ES-MaACL
005 20251003063152.0
008 101002s2007 sp o |||| | spa d
020 _a978-84-96830-16-5
080 _a821.134.2-14"19"
100 1 _aGuadalupe, Olga,
_d1964-
_9144165
245 1 0 _aDe amor tan solo
_b: (28 de abril de 2005-2 de enero de 2006) /
_cOlga Guadalupe.
250 _a1ª ed.
260 _aMadrid :
_bVitruvio,
_c2007.
300 _a62, [4] p. ;
_c21 cm.
490 1 _aBaños del Carmen ;
_v130
830 0 _aColección Baños del Carmen
_v130
_9183030
852 _aES-MaACL
_j2269-F-11
942 _2udc
999 _c175972
_d175972